| 000 | 01121cam a2200325 i 4500 | ||
|---|---|---|---|
| 001 | 409794 | ||
| 003 | OSt | ||
| 005 | 20230620155319.0 | ||
| 008 | 800613s1981 cou b 001 0 eng | ||
| 010 | _a 80018298 | ||
| 020 |
_a0865310386 : _c$24.00 (est.) |
||
| 020 | _a0865311919 | ||
| 040 |
_aDLC _cDLC _dDLC |
||
| 043 | _ai------ | ||
| 050 | 0 | 0 |
_aDS341 _b.I53 1981 |
| 082 | 0 | 0 |
_a327/.09182/4 _bBON |
| 245 | 0 | 4 |
_aThe Indian Ocean in global politics / _cedited by Larry W. Bowman and Ian Clark. |
| 260 |
_aBoulder, Colo. : _bWestview Press, _c1981. |
||
| 300 |
_axi, 260 p. ; _c24 cm. |
||
| 490 | 1 | _aWestview special studies in international relations | |
| 504 | _aIncludes bibliographical references and index. | ||
| 651 | 0 |
_aIndian Ocean Region _xPolitics and government. |
|
| 651 | 0 |
_aIndian Ocean Region _xForeign relations. |
|
| 651 | 0 |
_aIndian Ocean _xStrategic aspects. |
|
| 700 | 1 | _aBowman, Larry W. | |
| 700 | 1 |
_aClark, Ian, _d1949- |
|
| 830 | 0 | _aWestview special studies on international relations and U.S. foreign policy. | |
| 906 |
_a7 _bcbc _corignew _du _eocip _f19 _gy-gencatlg |
||
| 942 |
_2ddc _cBK |
||
| 999 |
_c1886 _d1886 |
||